000 00696nam a2200277Ia 4500
005 20260324145532.0
008 008 260324s9999 xx 000 0 eng d
020 _a9780203545119
037 _aEBOOK
040 _aCRL
040 _beng
040 _cCRL
041 _2eng
041 _aeng
084 _qCRL
100 _aDavid Dunkerley; Graeme Salaman
_91223305
245 4 _aThe International Yearbook of Organization Studies 1981 (RLE: Organizations)
260 _bTaylor and Francis
260 _c1981
365 _a
365 _b240
856 _uhttp://www.taylorfrancis.com/books/9780203545119
942 _cEBOOK
999 _c1831353
_d1831353